LEADER 00968nam a2200265 i 4500 001 991002826499707536 005 20020509103521.0 008 930225s1991 it ||| | ita 020 $a8871680391 035 $ab11066842-39ule_inst 035 $aPARLA169837$9ExL 040 $aIstituto di Filosofia$bita 100 1 $aMagnani, Lorenzo$029055 245 10$aEpistemologia applicata :$bconoscenza e metodo nelle scienze /$cLorenzo Magnani ; prefazione di Fulvio Papi 260 $aMilano :$bMarcos y Marcos,$c1991 300 $a334 p :$bill. ;$c20 cm. 440 3$aLa collana dei saggi ;$v6 650 4$aEpistemologia 700 1 $aPapi, Fulvio 907 $a.b11066842$b21-09-06$c28-06-02 912 $a991002826499707536 945 $aLE005 Ist.Fil. LII D 2$g1$iLE004-4811$lle005$o-$pE0.00$q-$rl$s- $t0$u0$v0$w0$x0$y.i11194698$z28-06-02 996 $aEpistemologia applicata$9337327 997 $aUNISALENTO 998 $ale005$b01-01-93$cm$da $e-$fita$git $h0$i1 LEADER 02523nam 2200601 450 001 9910811373603321 005 20200520144314.0 010 $a1-61147-657-7 035 $a(CKB)2550000001182752 035 $a(EBL)1589267 035 $a(SSID)ssj0001080382 035 $a(PQKBManifestationID)12483551 035 $a(PQKBTitleCode)TC0001080382 035 $a(PQKBWorkID)11069092 035 $a(PQKB)11244314 035 $a(MiAaPQ)EBC1589267 035 $a(Au-PeEL)EBL1589267 035 $a(CaPaEBR)ebr10826304 035 $a(CaONFJC)MIL562778 035 $a(OCoLC)877768715 035 $a(EXLCZ)992550000001182752 100 $a20140127h20142014 uy 0 101 0 $aeng 135 $aur|n|---||||| 181 $ctxt 182 $cc 183 $acr 200 10$aBernard Kops $efantasist, London Jew, apocalyptic humorist /$fWilliam Baker and Jeanette Roberts Shumaker 210 1$aLanham, Maryland ;$aPlymouth, England :$cFairleigh Dickinson University Press,$d2014. 210 4$dİ2014 215 $a1 online resource (169 p.) 300 $aDescription based upon print version of record. 311 $a1-61147-656-9 311 $a1-306-31527-1 320 $aIncludes bibliographical references at the end of each chapters and index. 327 $aContents; Preface; Acknowledgments; Introduction; Chapter One: The Writer's I; Chapter Two: The Role and Function of Family; Chapter Three: Identity Formation, Self-Discovery, and Aging; Chapter Four: Jewish Identity within British Culture; Chapter Five: Sex and Politics; Chapter Six: Issues of Mental Health; Chapter Seven: Kops on Kops: The Interviews; Appendix: More Radio Plays, in Brief; Bibliography; Index; About the Authors 330 $aThis is the first book-length study on the Anglo-Jewish writer Bernard Kops, who became famous as part of the new wave of British drama with the production of his play The Hamlet of Stepney Green in 1958. 606 $aDramatists, English$y20th century$vBiography 606 $aAuthors, English$y20th century$vBiography 606 $aScreenwriters$zGreat Britain$vBiography 615 0$aDramatists, English 615 0$aAuthors, English 615 0$aScreenwriters 676 $a828/.91409 700 $aBaker$b William$f1944-$01626515 701 $aShumaker$b Jeanette Roberts$f1958-$01643794 801 0$bMiAaPQ 801 1$bMiAaPQ 801 2$bMiAaPQ 906 $aBOOK 912 $a9910811373603321 996 $aBernard Kops$93989268 997 $aUNINA